Detalles MARC
| 000 -LEADER |
| fixed length control field |
01437nam a2200349 a 4500 |
| 001 - CONTROL NUMBER |
| control field |
0000251 |
| 003 - CONTROL NUMBER IDENTIFIER |
| control field |
DO-SdBNP |
| 005 - DATE AND TIME OF LATEST TRANSACTION |
| control field |
20160411105619.0 |
| 007 - PHYSICAL DESCRIPTION FIXED FIELD--GENERAL INFORMATION |
| fixed length control field |
0000251 |
| 008 - FIXED-LENGTH DATA ELEMENTS--GENERAL INFORMATION |
| fixed length control field |
150211s20uu dr abc 000 0 spa d |
| 020 ## - INTERNATIONAL STANDARD BOOK NUMBER |
| Canceled/invalid ISBN |
9789945444026 |
| 040 ## - CATALOGING SOURCE |
| Original cataloging agency |
BPMSU |
| Language of cataloging |
spa |
| Transcribing agency |
BPMSU |
| 092 ## - LOCALLY ASSIGNED DEWEY CALL NUMBER (OCLC) |
| Classification number |
372.7 |
| Item number |
R788M, 1ro, 2013 |
| 100 1# - MAIN ENTRY--PERSONAL NAME |
| Personal name |
Mateo Dicló, Luisa A. |
| 245 00 - TITLE STATEMENT |
| Title |
Artística 1 : |
| Remainder of title |
básica / |
| Statement of responsibility, etc. |
Luisa A. Mateo Dicló, Dafne M. Gil de Peiro ; producción editorial María del Jesús de la Rosa ; ilustraciones Wi-Hen Fung, Ramón Sandoval. |
| 260 ## - PUBLICATION, DISTRIBUTION, ETC. (IMPRINT) |
| Place of publication, distribution, etc. |
Santo Domingo : |
| Name of publisher, distributor, etc. |
Actualidad Escolar 2000, |
| Date of publication, distribution, etc. |
[20uu] |
| 300 ## - PHYSICAL DESCRIPTION |
| Extent |
xxxii, 112 p. : |
| Other physical details |
il., mapas, retrs. ; |
| Dimensions |
22 cm. |
| 500 ## - GENERAL NOTE |
| General note |
Incluye el libros del maestro |
| 500 ## - GENERAL NOTE |
| General note |
La biblioteca solamente posee el libro del maestro. |
| 505 0# - FORMATTED CONTENTS NOTE |
| Title |
Conoce la educación artística -- |
| -- |
Me conozco -- |
| -- |
La exploración -- |
| -- |
La expresión artística -- |
| -- |
Las artes y sus formas -- |
| -- |
Las artes y su cultura -- |
| -- |
Valorando la historia nacional / |
| 650 ## - SUBJECT ADDED ENTRY--TOPICAL TERM |
| Topical term or geographic name as entry element |
MATEMÁTICA |
| General subdivision |
ENSEÑANZA BÁSICA |
| 650 ## - SUBJECT ADDED ENTRY--TOPICAL TERM |
| Topical term or geographic name as entry element |
MATEMÁTICA |
| General subdivision |
EDUCACIÓN PRIMARIA |
| 650 ## - SUBJECT ADDED ENTRY--TOPICAL TERM |
| Topical term or geographic name as entry element |
EDUCACIÓN PRIMARIA |
| Geographic subdivision |
REPÚBLICA DOMINICANA |
| 650 ## - SUBJECT ADDED ENTRY--TOPICAL TERM |
| Topical term or geographic name as entry element |
MATEMÁTICA |
| General subdivision |
LIBRO DE TEXTO |
| 650 ## - SUBJECT ADDED ENTRY--TOPICAL TERM |
| Topical term or geographic name as entry element |
MATEMÁTICA |
| General subdivision |
ESTUDIOS Y EJERCICIOS |
| 700 1# - ADDED ENTRY--PERSONAL NAME |
| Personal name |
Del Jesús de la Rosa, María |
| Relator term |
prod. ed. |
| 700 1# - ADDED ENTRY--PERSONAL NAME |
| Personal name |
Gil de Pereiro, Dafne M. |
| 700 1# - ADDED ENTRY--PERSONAL NAME |
| Personal name |
Sandoval, Ramón |
| Relator term |
il. |
| 910 ## - USER-OPTION DATA (OCLC) |
| User-option data |
00144 |
| 942 ## - ADDED ENTRY ELEMENTS (KOHA) |
| Source of classification or shelving scheme |
Dewey Decimal Classification |
| Koha item type |
Libros |
| 956 ## - LOCAL ELECTRONIC LOCATION AND ACCESS (OCLC) |
| Host name |
YLOCKWARD |
| Access number |
10 |